| 000 | 00721nam a2200229Ia 4500 | ||
|---|---|---|---|
| 999 |
_c50879 _d50879 |
||
| 001 | 17834 | ||
| 003 | GE_BSU | ||
| 005 | 20221114115640.0 | ||
| 008 | 181216s2012en xx |||||||||||||| ||eng|| | ||
| 020 | _a9780521277730x | ||
| 040 | _cGE_BSU | ||
| 041 | _aeng | ||
| 080 | _a811.111 R-59 | ||
| 100 |
_aRinvolucri, Mario. _97069 |
||
| 245 |
_aGrammar Games. : _bCognitive, affective and drama activities for EFL students / _cMario Rinvolucri. |
||
| 264 |
_aCambridge : _bCambridge university press, _c2012. |
||
| 300 |
_a138 p..: _bill. _c28 cm. |
||
| 653 | _aCognitive, affective and drama activities for EFL students | ||
| 653 | _aGrammar Games | ||
| 653 | _aინგლისური ენა | ||
| 942 |
_cBK _2udc |
||